[Event "Titled Tuesday intern op 01st Feb-A"]
[White "Kanyamarala, Tarun"]
[Black "Lovkov, Roman"]
[Site "Chess.com INT"]
[Round "6"]
[Result "1/2-1/2"]
[Date "2022.02.01"]
[WhiteElo "2398"]
[BlackElo "2419"]
[PlyCount "111"]
[EventDate "2022.02.01"]
[EventType "swiss (blitz)"]
[EventRounds "11"]
[EventCountry "USA"]
[SourceTitle "CBM 206 Extra"]
[Source "ChessBase"]
[SourceDate "2022.03.31"]
[SourceVersion "1"]
[SourceVersionDate "2022.03.31"]
[SourceQuality "1"]

1. d4 Nf6 2. c4 g6 3. Nc3 d5 4. cxd5 Nxd5 5. e4 Nxc3 6. bxc3 Bg7 7. Nf3 c5 8. h3 0-0 9. Be2 cxd4 10. cxd4 Nc6 11. Be3 f5 12. Bc4+ Kh8 13. 0-0 f4 14. Bc1 Nxd4 15. Ba3 Be6 16. Bxe6 Nxe6 17. Rb1 b6 18. Qxd8 Rfxd8 19. Bxe7 Rd7 20. Bb4 Rc8 21. Rbc1 Rdc7 22. Rxc7 Rxc7 23. Rd1 a5 24. Bd6 Rd7 25. Ne5 Rb7 26. Nc6 h6 27. e5 Kh7 28. Rb1 a4 29. Rb4 b5 30. Ne7 g5 31. Nd5 Kg6 32. Nc3 Kf5 33. Rxb5 Rxb5 34. Nxb5 Bxe5 35. Bxe5 Kxe5 36. Nc3 Nc5 37. g3 Kd4 38. Ne2+ Kd3 39. Kf1 fxg3 40. fxg3 Kc2 41. h4 g4 42. Kf2 Kd2 43. Nd4 Ne4+ 44. Kg2 Nc3 45. a3 Nb1 46. Nb5 h5 47. Kf2 Kd3 48. Ke1 Nc3 49. Nd6 Ne4 50. Nxe4 Kxe4 51. Ke2 Kd4 52. Kd2 Kc4 53. Kc2 Kd4 54. Kd2 Ke4 55. Ke2 Kd4 56. Kd2 1/2-1/2

[Event "Titled Tuesday intern op 01st Feb-A"]
[White "Sadhwani, Raunak"]
[Black "Lovkov, Roman"]
[Site "Chess.com INT"]
[Round "4"]
[Result "1-0"]
[Date "2022.02.01"]
[WhiteElo "2616"]
[BlackElo "2419"]
[PlyCount "87"]
[EventDate "2022.02.01"]
[EventType "swiss (blitz)"]
[EventRounds "11"]
[EventCountry "USA"]
[SourceTitle "CBM 206 Extra"]
[Source "ChessBase"]
[SourceDate "2022.03.31"]
[SourceVersion "1"]
[SourceVersionDate "2022.03.31"]
[SourceQuality "1"]

1. d4 d5 2. Nf3 e6 3. Bf4 c5 4. e3 Nc6 5. c3 Bd6 6. Bg3 Nf6 7. Nbd2 0-0 8. Bd3 b6 9. e4 Be7 10. e5 Nh5 11. Ng5 Bxg5 12. Qxh5 g6 13. Qe2 cxd4 14. h4 Bh6 15. h5 dxc3 16. bxc3 g5 17. Nf3 f5 18. exf6 Qxf6 19. 0-0 Bg7 20. Rad1 Bd7 21. c4 Rae8 22. Bb1 d4 23. Nd2 e5 24. Ne4 Qh6 25. c5 g4 26. Rc1 Kh8 27. Nd6 Re7 28. Bh4 Re6 29. Bf5 Rxd6 30. cxd6 Rxf5 31. Qxg4 Rxh5 32. Qxd7 Rxh4 33. g3 Rh1+ 34. Kg2 Rh2+ 35. Kf3 e4+ 36. Kxe4 Qg6+ 37. Kd5 Nb4+ 38. Kc4 Qd3+ 39. Kxb4 Qd2+ 40. Kb5 Rh5+ 41. Kc6 Bf8 42. Qe8 Rf5 43. d7 Qa5 44. d8Q 1-0

[Event "Titled Tuesday intern op 09th Nov"]
[White "Kalajzic, Ivan"]
[Black "Lovkov, Roman"]
[Site "Chess.com INT"]
[Round "1"]
[Result "0-1"]
[Date "2021.11.09"]
[WhiteElo "2099"]
[BlackElo "2419"]
[PlyCount "72"]
[EventDate "2021.11.09"]
[EventType "swiss (blitz)"]
[EventRounds "11"]
[EventCountry "USA"]
[SourceTitle "CBM 205 Extra"]
[Source "ChessBase"]
[SourceDate "2022.01.31"]
[SourceVersion "1"]
[SourceVersionDate "2022.01.31"]
[SourceQuality "1"]

1. b3 e5 2. Bb2 Nc6 3. e3 Nf6 4. Bb5 Bd6 5. Na3 Na5 6. Be2 a6 7. c4 Qe7 8. Nc2 c5 9. d4 cxd4 10. exd4 Nc6 11. Nf3 e4 12. Nd2 h5 13. Ne3 g6 14. 0-0 Bxh2+ 15. Kxh2 Ng4+ 16. Kg3 Qd6+ 17. f4 Nxe3 18. Qc1 Nxd4 19. Nxe4 Nxe2+ 20. Kf3 Qxf4+ 21. Kxe2 Qxe4 22. Qxe3 Qxe3+ 23. Kxe3 0-0 24. Bf6 Re8+ 25. Kd4 d6 26. Kd5 Bf5 27. Kxd6 Re6+ 28. Kc7 Rxf6 29. Kxb7 Be4+ 30. Kc7 Rc6+ 31. Kd7 Ra7+ 32. Kd8 Bf5 33. Rxf5 gxf5 34. Rf1 Rb6 35. Kc8 Re6 36. Kd8 Kf8 0-1

[Event "Titled Tuesday intern op 02nd Nov"]
[White "Golubev, Mikhail"]
[Black "Lovkov, Roman"]
[Site "Chess.com INT"]
[Round "9"]
[Result "0-1"]
[Date "2021.11.02"]
[WhiteElo "2461"]
[BlackElo "2419"]
[PlyCount "82"]
[EventDate "2021.11.02"]
[EventType "swiss (blitz)"]
[EventRounds "11"]
[EventCountry "USA"]
[SourceTitle "CBM 205 Extra"]
[Source "ChessBase"]
[SourceDate "2022.01.31"]
[SourceVersion "1"]
[SourceVersionDate "2022.01.31"]
[SourceQuality "1"]

1. e4 c5 2. Nf3 d6 3. d4 cxd4 4. Nxd4 Nf6 5. Nc3 g6 6. Be3 Bg7 7. f3 0-0 8. Qd2 Nc6 9. 0-0-0 d5 10. Nxc6 bxc6 11. Bh6 Bxh6 12. Qxh6 Rb8 13. e5 Nd7 14. Rd4 Re8 15. e6 Nf8 16. exf7+ Kxf7 17. h4 e5 18. Ra4 Qb6 19. b3 Qc5 20. Kb2 Rb4 21. h5 Rxa4 22. Nxa4 Qd4+ 23. c3 Qf4 24. hxg6+ hxg6 25. Qxf4+ exf4 26. Bd3 Kg7 27. Nc5 Nd7 28. Nxd7 Bxd7 29. Kc2 Re5 30. Rd1 Kf6 31. Rd2 Re1 32. Re2 Rg1 33. b4 g5 34. Rf2 g4 35. fxg4 Kg5 36. Bf1 Bxg4 37. Kd3 Bf5+ 38. Kd4 Be4 39. Kc5 Kg4 40. Ba6 Kg3 41. Rd2 Rc1 0-1

[Event "Titled Tuesday intern op 02nd Nov"]
[White "Lovkov, Roman"]
[Black "Girinath, PDS"]
[Site "Chess.com INT"]
[Round "8"]
[Result "0-1"]
[Date "2021.11.02"]
[WhiteElo "2419"]
[BlackElo "2335"]
[PlyCount "62"]
[EventDate "2021.11.02"]
[EventType "swiss (blitz)"]
[EventRounds "11"]
[EventCountry "USA"]
[SourceTitle "CBM 205 Extra"]
[Source "ChessBase"]
[SourceDate "2022.01.31"]
[SourceVersion "1"]
[SourceVersionDate "2022.01.31"]
[SourceQuality "1"]

1. e4 e6 2. d4 d5 3. e5 c5 4. c3 Nc6 5. Nf3 Nh6 6. Bxh6 gxh6 7. dxc5 Bxc5 8. Bd3 f6 9. Qe2 0-0 10. 0-0 fxe5 11. Nxe5 Nxe5 12. Qxe5 Qf6 13. Qe2 e5 14. Nd2 Kh8 15. c4 e4 16. Bc2 Qxb2 17. Nb3 Bb6 18. cxd5 Bf5 19. Rae1 Rae8 20. Kh1 Qe5 21. f4 Qxd5 22. Qh5 Qf7 23. Qxh6 Re6 24. Qh4 Rg8 25. Re2 Rg4 26. Qe1 Qh5 27. h3 Rg7 28. Bxe4 Bxh3 29. gxh3 Rxe4 30. Qc3 Qxe2 31. Qc8+ Re8 0-1

[Event "Titled Tuesday intern op 02nd Nov"]
[White "Lovkov, Roman"]
[Black "Karttunen, Mika"]
[Site "Chess.com INT"]
[Round "11"]
[Result "1-0"]
[Date "2021.11.02"]
[WhiteElo "2419"]
[BlackElo "2485"]
[PlyCount "127"]
[EventDate "2021.11.02"]
[EventType "swiss (blitz)"]
[EventRounds "11"]
[EventCountry "USA"]
[SourceTitle "CBM 205 Extra"]
[Source "ChessBase"]
[SourceDate "2022.01.31"]
[SourceVersion "1"]
[SourceVersionDate "2022.01.31"]
[SourceQuality "1"]

1. e4 c5 2. d4 cxd4 3. c3 Nf6 4. e5 Nd5 5. Nf3 Nc6 6. cxd4 d6 7. Bc4 dxe5 8. dxe5 Ndb4 9. Qxd8+ Nxd8 10. Na3 Be6 11. Bxe6 Nxe6 12. Bd2 Nd5 13. 0-0 Nc5 14. b4 Ne4 15. Nc4 Nxd2 16. Nfxd2 e6 17. b5 Rc8 18. Rac1 Kd7 19. Ne4 Be7 20. Ncd6 Rxc1 21. Rxc1 Bxd6 22. Nxd6 f6 23. Nxb7 fxe5 24. Nc5+ Kd6 25. Ne4+ Kd7 26. Rc6 Nf4 27. g3 Ne2+ 28. Kg2 Nd4 29. Rd6+ Ke7 30. a4 Rc8 31. Ra6 Rc7 32. h4 h6 33. h5 Rd7 34. Nc5 Rc7 35. Nd3 Kf6 36. Kf1 e4 37. Nf4 Kf5 38. Ne2 Nf3 39. Rc6 Rd7 40. Rc5+ e5 41. Nc3 Rd2 42. Rc8 Ng5 43. Rf8+ Kg4 44. Ke1 Rc2 45. Ne2 Ra2 46. Kd1 Nf3 47. Nc3 Rd2+ 48. Kc1 Rd4 49. Kc2 Ng5 50. Rg8 Kxh5 51. Rxg7 Rc4 52. Re7 e3 53. fxe3 e4 54. Kb3 Rc5 55. Nxe4 Rf5 56. Nxg5 hxg5 57. Re4 Rf3 58. a5 Rxg3 59. b6 axb6 60. axb6 Rg1 61. Rb4 Rf1 62. b7 Rf8 63. b8Q Rxb8 64. Rxb8 1-0

[Event "Titled Tuesday intern op 24th Aug"]
[White "Lovkov, Roman"]
[Black "Orantes Taboada, Francisco"]
[Site "Chess.com INT"]
[Round "1"]
[Result "1-0"]
[Date "2021.08.24"]
[WhiteElo "2419"]
[BlackElo "2221"]
[PlyCount "91"]
[EventDate "2021.08.24"]
[EventType "swiss (blitz)"]
[EventRounds "11"]
[EventCountry "USA"]
[SourceTitle "EXT 2022"]
[Source "ChessBase"]
[SourceDate "2021.10.06"]
[SourceVersion "1"]
[SourceVersionDate "2021.10.06"]
[SourceQuality "1"]

1. e4 c5 2. d4 cxd4 3. c3 d3 4. Bxd3 g6 5. c4 Bg7 6. Nf3 Nc6 7. 0-0 d6 8. h3 Nf6 9. Nc3 0-0 10. Be3 b6 11. Rc1 Bb7 12. b3 Rc8 13. Qd2 Nd7 14. Bb1 Nde5 15. Nh2 Qd7 16. f4 Nxc4 17. bxc4 Na5 18. Qe2 Nxc4 19. Bf2 Na3 20. Nd5 Nxb1 21. Rxb1 e6 22. Nb4 Rc3 23. Rfd1 Rfc8 24. Bd4 R3c4 25. Bxg7 Kxg7 26. Qb2+ Kg8 27. Ng4 Kf8 28. Qh8+ Ke7 29. Qxh7 Rxe4 30. Qh4+ Kf8 31. Nf6 Qc7 32. Nxe4 Bxe4 33. Rbc1 Qxc1 34. Rxc1 Rxc1+ 35. Kh2 d5 36. Qd8+ Kg7 37. Qd6 Rc4 38. a3 a5 39. Nc6 Rc2 40. Qe5+ Kh7 41. h4 Rxg2+ 42. Kh3 Re2 43. Qf6 Re3+ 44. Kh2 Re2+ 45. Kg1 Kh6 46. Qh8# 1-0

[Event "Titled Tuesday intern op 20th July"]
[White "Lovkov, Roman"]
[Black "Chernov, Mikhail"]
[Site "Chess.com INT"]
[Round "1"]
[Result "1-0"]
[Date "2021.07.20"]
[WhiteElo "2419"]
[BlackElo "2213"]
[PlyCount "54"]
[EventDate "2021.07.20"]
[EventType "swiss (blitz)"]
[EventRounds "11"]
[EventCountry "USA"]
[SourceTitle "CBM 203 Extra"]
[Source "ChessBase"]
[SourceDate "2021.09.30"]
[SourceVersion "1"]
[SourceVersionDate "2021.09.30"]
[SourceQuality "1"]

1. e4 c5 2. d4 cxd4 3. c3 dxc3 4. Nxc3 Nc6 5. Nf3 e6 6. Bc4 Qc7 7. Qe2 Nf6 8. e5 Ng4 9. Bf4 d5 10. Bb3 Be7 11. h3 Nh6 12. g4 0-0 13. Bg3 b6 14. Rc1 Bb7 15. 0-0 a6 16. Qe3 d4 17. Nxd4 Nxd4 18. Qxd4 Qc6 19. Nd5 Bc5 20. Ne7+ Bxe7 21. Rxc6 Bxc6 22. Qxb6 Rac8 23. Rc1 Be4 24. Rxc8 Rxc8 25. Bf4 g5 26. Be3 Kg7 27. Qxa6 Ng8 1-0

[Event "Titled Tuesday intern op 01st June"]
[White "Bethke, Richard"]
[Black "Lovkov, Roman"]
[Site "Chess.com INT"]
[Round "1"]
[Result "0-1"]
[Date "2021.06.01"]
[WhiteElo "2332"]
[BlackElo "2419"]
[PlyCount "138"]
[EventDate "2021.06.01"]
[EventType "swiss (blitz)"]
[EventRounds "11"]
[EventCountry "USA"]
[SourceTitle "CBM 202 Extra"]
[Source "ChessBase"]
[SourceDate "2021.07.31"]
[SourceVersion "1"]
[SourceVersionDate "2021.07.31"]
[SourceQuality "1"]

1. e4 c5 2. Nf3 d6 3. d4 cxd4 4. Nxd4 Nf6 5. Nc3 g6 6. Be3 Bg7 7. f3 Nc6 8. Qd2 0-0 9. 0-0-0 d5 10. Kb1 Nxd4 11. e5 Nf5 12. exf6 exf6 13. Nxd5 Nxe3 14. Qxe3 Be6 15. Bc4 Re8 16. Nf4 Qc8 17. Bxe6 fxe6 18. Rd6 Bh6 19. Re1 Qc7 20. Rxe6 Rxe6 21. Qxe6+ Qf7 22. Qxf7+ Kxf7 23. Nd5 Bf8 24. c4 Rd8 25. b3 Bd6 26. Kc2 h5 27. h3 g5 28. Kd3 Be5 29. Re4 Ke6 30. g4 hxg4 31. hxg4 Rh8 32. f4 gxf4 33. Nxf4+ Kd6 34. Nd5 Rh3+ 35. Re3 Rh4 36. Re4 Rh2 37. Re2 Rh3+ 38. Re3 Rh1 39. Rf3 Ke6 40. a4 Rg1 41. Ne3 a5 42. c5 Rb1 43. Kc4 Re1 44. Kb5 Re2 45. Kxa5 Bd4 46. Nf5 Bxc5 47. Rc3 Kd5 48. Kb5 Bf2 49. Rd3+ Ke6 50. Rd8 Re5+ 51. Kc4 Re4+ 52. Kd3 Rxg4 53. Ne3 Rg3 54. Re8+ Kd7 55. Re4 f5 56. Rd4+ Ke6 57. Rd8 Rxe3+ 58. Kc4 Re4+ 59. Kb5 Re5+ 60. Kc4 Bb6 61. Re8+ Kf6 62. Rb8 Re7 63. b4 f4 64. a5 Be3 65. b5 f3 66. Rf8+ Rf7 67. Rd8 f2 68. Rd1 Ke5 69. Kd3 Rd7+ 0-1

[Event "Titled Tuesday intern op 18th May"]
[White "Abdisalimov, Abdimalik"]
[Black "Lovkov, Roman"]
[Site "Chess.com INT"]
[Round "1"]
[Result "0-1"]
[Date "2021.05.18"]
[WhiteElo "2392"]
[BlackElo "2419"]
[PlyCount "76"]
[EventDate "2021.05.18"]
[EventType "swiss (blitz)"]
[EventRounds "11"]
[EventCountry "USA"]
[SourceTitle "CBM 202 Extra"]
[Source "ChessBase"]
[SourceDate "2021.07.31"]
[SourceVersion "1"]
[SourceVersionDate "2021.07.31"]
[SourceQuality "1"]

1. d4 d5 2. c4 e6 3. Nf3 c5 4. cxd5 exd5 5. g3 Nf6 6. Bg2 cxd4 7. Nxd4 Be7 8. 0-0 0-0 9. Nc3 Nc6 10. Bf4 Qb6 11. Nb3 Rd8 12. Rc1 Bf5 13. Na4 Qb5 14. Nc3 Qa6 15. a3 Rac8 16. Qd2 d4 17. Nb1 Qb6 18. Qd1 d3 19. e3 Bg4 20. f3 Be6 21. N1d2 Nd5 22. Re1 g5 23. Nc4 Qb5 24. Be5 Nxe3 25. Nxe3 Bxb3 26. Qd2 Qxe5 27. Ng4 Qg7 28. Rc3 Be6 29. Rxd3 Rxd3 30. Qxd3 Qd4+ 31. Qxd4 Nxd4 32. Ne5 Rc2 33. b4 Ra2 34. f4 gxf4 35. gxf4 Ne2+ 36. Kf1 Nxf4 37. Bxb7 Bh4 38. Re4 Ra1+ 0-1

[Event "Titled Tuesday intern op 18th May"]
[White "Hasangatin, Ramil"]
[Black "Lovkov, Roman"]
[Site "Chess.com INT"]
[Round "4"]
[Result "0-1"]
[Date "2021.05.18"]
[WhiteElo "2479"]
[BlackElo "2419"]
[PlyCount "138"]
[EventDate "2021.05.18"]
[EventType "swiss (blitz)"]
[EventRounds "11"]
[EventCountry "USA"]
[SourceTitle "CBM 202 Extra"]
[Source "ChessBase"]
[SourceDate "2021.07.31"]
[SourceVersion "1"]
[SourceVersionDate "2021.07.31"]
[SourceQuality "1"]

1. e4 c6 2. Nf3 d5 3. d3 dxe4 4. dxe4 Qxd1+ 5. Kxd1 Bg4 6. Be2 Bxf3 7. Bxf3 e6 8. Nd2 Nd7 9. Nc4 Nb6 10. Na5 0-0-0+ 11. Ke2 Bb4 12. Nb3 Nf6 13. Be3 Nc4 14. Rab1 a5 15. c3 Be7 16. a4 Nxe3 17. Kxe3 b6 18. e5 Nd5+ 19. Ke4 Kc7 20. g3 h5 21. h4 g6 22. Be2 Bc5 23. Rhf1 Ne7 24. Kf3 Rd5 25. Ke4 Rhd8 26. Bc4 R5d7 27. Kf3 Nf5 28. Rfe1 Nh6 29. Re2 Ng4 30. Kg2 Bf8 31. Rbe1 Rb8 32. Nd4 Bc5 33. Nf3 b5 34. Bb3 bxa4 35. Bxa4 Rd5 36. b3 Rd3 37. Ng5 Nh6 38. Rc2 Be7 39. Ne4 Nf5 40. Ree2 Rd5 41. Ra2 Rxe5 42. c4 Nd4 43. Re3 Nf5 44. Ree2 Nd6 45. f3 Nxe4 46. fxe4 Bb4 47. Kf3 Rd8 48. Ra1 Rd3+ 49. Re3 Rxe3+ 50. Kxe3 Bc5+ 51. Kf3 f5 52. Re1 fxe4+ 53. Rxe4 Rf5+ 54. Rf4 e5 55. Rxf5 gxf5 56. b4 axb4 57. Bc2 e4+ 58. Kf4 e3 59. Kf3 Kd6 60. Bxf5 b3 61. Bd3 b2 62. Bb1 Ke5 63. Ke2 Kd4 64. Ba2 Bd6 65. g4 hxg4 66. h5 Bf4 67. Kf1 Kd3 68. Bb1+ Kd2 69. Kg2 Kc1 0-1

[Event "Titled Tuesday intern op 11th May"]
[White "Chernomordik, Pavel"]
[Black "Lovkov, Roman"]
[Site "Chess.com INT"]
[Round "1"]
[Result "1-0"]
[Date "2021.05.11"]
[WhiteElo "2177"]
[BlackElo "2419"]
[PlyCount "85"]
[EventDate "2021.05.11"]
[EventType "swiss (blitz)"]
[EventRounds "11"]
[EventCountry "USA"]
[SourceTitle "CBM 202 Extra"]
[Source "ChessBase"]
[SourceDate "2021.07.31"]
[SourceVersion "1"]
[SourceVersionDate "2021.07.31"]
[SourceQuality "1"]

1. e4 c5 2. Nc3 g6 3. f4 Bg7 4. Nf3 Nc6 5. Bb5 Nd4 6. Bc4 e6 7. e5 d5 8. Nxd4 cxd4 9. Bb5+ Kf8 10. Ne2 Qb6 11. Bd3 f6 12. 0-0 Bd7 13. a4 Ne7 14. a5 Qc5 15. b4 Qc7 16. Nxd4 Kf7 17. b5 Rhc8 18. Ba3 Qxa5 19. Bxe7 Qb6 20. c3 Kxe7 21. Qe2 Kf7 22. Rae1 Re8 23. Kh1 Kg8 24. Qg4 fxe5 25. fxe5 Rf8 26. Nf3 Qd8 27. h4 Qe7 28. h5 Be8 29. hxg6 Bxg6 30. Bxg6 hxg6 31. Qxg6 Qf7 32. Qg4 Qf5 33. Qh4 Qg6 34. d4 Rf5 35. Nh2 Raf8 36. Rxf5 Rxf5 37. g4 Rf4 38. Qg3 Bh6 39. g5 Bxg5 40. Rg1 Rf5 41. Nf3 Qh5+ 42. Kg2 Kf8 43. Kf2 1-0

[Event "Titled Tuesday intern op 23rd Mar"]
[White "Firouzja, Alireza"]
[Black "Lovkov, Roman"]
[Site "Chess.com INT"]
[Round "3"]
[Result "1-0"]
[Date "2021.03.23"]
[WhiteElo "2759"]
[BlackElo "2419"]
[PlyCount "47"]
[EventDate "2021.03.23"]
[EventType "swiss (blitz)"]
[EventRounds "11"]
[EventCountry "USA"]
[SourceTitle "CBM 201 Extra"]
[Source "ChessBase"]
[SourceDate "2021.05.31"]
[SourceVersion "1"]
[SourceVersionDate "2021.05.31"]
[SourceQuality "1"]

1. d4 d5 2. Bg5 c5 3. dxc5 f6 4. Bd2 a5 5. e4 dxe4 6. Nc3 Bf5 7. Bb5+ Nc6 8. Nge2 e6 9. Ng3 Bg6 10. Ncxe4 f5 11. Ng5 Qd5 12. Qe2 e5 13. Bc4 Qxc5 14. Ne6 Qd6 15. 0-0-0 Nf6 16. Be3 Qb8 17. Bb6 Bd6 18. Qd3 Ke7 19. Nxg7 Nd4 20. Bxd4 exd4 21. N3xf5+ Bxf5 22. Nxf5+ Kd7 23. Qxd4 Ra6 24. Bxa6 1-0

[Event "Titled Tuesday intern op 23rd Mar"]
[White "Lovkov, Roman"]
[Black "Bellahcene, Bilel"]
[Site "Chess.com INT"]
[Round "4"]
[Result "0-1"]
[Date "2021.03.23"]
[WhiteElo "2419"]
[BlackElo "2517"]
[PlyCount "70"]
[EventDate "2021.03.23"]
[EventType "swiss (blitz)"]
[EventRounds "11"]
[EventCountry "USA"]
[SourceTitle "CBM 201 Extra"]
[Source "ChessBase"]
[SourceDate "2021.05.31"]
[SourceVersion "1"]
[SourceVersionDate "2021.05.31"]
[SourceQuality "1"]

1. e4 c5 2. c3 d5 3. exd5 Qxd5 4. Nf3 e5 5. Na3 Nc6 6. Bc4 Qe4+ 7. Be2 Nf6 8. 0-0 Be7 9. Re1 0-0 10. Bc4 Qf5 11. d3 Qh5 12. Qc2 Bg4 13. Nd2 a6 14. Ne4 Rad8 15. f3 Bc8 16. Qf2 b5 17. Bb3 Nxe4 18. dxe4 c4 19. Bc2 Bh4 20. g3 Be7 21. Be3 f5 22. exf5 Bxf5 23. Bxf5 Qxf5 24. Kg2 Bxa3 25. bxa3 Rd3 26. Rac1 e4 27. f4 h5 28. Re2 h4 29. Rce1 h3+ 30. Kg1 Qg4 31. Bb6 Ne5 32. fxe5 Rxf2 33. Bxf2 Qf3 34. Bd4 e3 35. Rc2 Rd2 0-1

[Event "Titled Tuesday intern op 23rd Mar"]
[White "Lovkov, Roman"]
[Black "Grieve, Harry"]
[Site "Chess.com INT"]
[Round "2"]
[Result "1-0"]
[Date "2021.03.23"]
[WhiteElo "2419"]
[BlackElo "2351"]
[PlyCount "81"]
[EventDate "2021.03.23"]
[EventType "swiss (blitz)"]
[EventRounds "11"]
[EventCountry "USA"]
[SourceTitle "CBM 201 Extra"]
[Source "ChessBase"]
[SourceDate "2021.05.31"]
[SourceVersion "1"]
[SourceVersionDate "2021.05.31"]
[SourceQuality "1"]

1. e4 c5 2. d4 cxd4 3. c3 Nf6 4. e5 Nd5 5. Qxd4 e6 6. Bd3 Nc6 7. Qe4 f5 8. Qe2 Qc7 9. Nf3 Bc5 10. 0-0 0-0 11. b4 Bb6 12. a3 a5 13. b5 Nce7 14. c4 Bc5 15. cxd5 Nxd5 16. Bd2 b6 17. Rc1 Bb7 18. Nc3 Nxc3 19. Rxc3 d6 20. Be3 Rac8 21. Bxc5 dxc5 22. Bc4 Qe7 23. Rd1 Rfd8 24. Rcd3 Bd5 25. Bxd5 exd5 26. Rxd5 Rxd5 27. Rxd5 c4 28. Rd6 c3 29. Nd4 Rc5 30. Nc6 Qh4 31. g3 Qe4 32. Qxe4 fxe4 33. e6 g5 34. Rd8+ Kg7 35. e7 c2 36. e8Q c1Q+ 37. Kg2 Qc4 38. Qf8+ Kg6 39. Ne7+ Kh5 40. Rd6 e3 41. Qh6+ 1-0

[Event "Titled Tuesday intern op 02nd Mar"]
[White "Lovkov, Roman"]
[Black "Sarana, Alexey"]
[Site "Chess.com INT"]
[Round "3"]
[Result "0-1"]
[Date "2021.03.02"]
[WhiteElo "2419"]
[BlackElo "2649"]
[PlyCount "100"]
[EventDate "2021.03.02"]
[EventType "swiss (blitz)"]
[EventRounds "11"]
[EventCountry "USA"]
[SourceTitle "CBM 201 Extra"]
[Source "ChessBase"]
[SourceDate "2021.05.31"]
[SourceVersion "1"]
[SourceVersionDate "2021.05.31"]
[SourceQuality "1"]

1. e4 c5 2. d4 cxd4 3. c3 d3 4. Bxd3 Nc6 5. c4 g6 6. Nc3 Bg7 7. Be3 Nf6 8. h3 d6 9. Nf3 Be6 10. 0-0 0-0 11. Rc1 Rc8 12. b3 Nd7 13. Bb1 Nc5 14. Nd5 b6 15. Qd2 Re8 16. b4 Nd7 17. a3 Nce5 18. Nxe5 Nxe5 19. Qe2 Qd7 20. f4 Nc6 21. Qd2 f5 22. Rce1 Bf7 23. exf5 gxf5 24. Qd3 e6 25. Nc3 d5 26. cxd5 exd5 27. Ne2 d4 28. Bd2 Be6 29. Ng3 Ne7 30. Rc1 Red8 31. Rfe1 Kh8 32. Nh5 Ng6 33. Nxg7 Kxg7 34. Rxc8 Rxc8 35. Rd1 Rd8 36. Qg3 Qd5 37. Bc3 Qc4 38. Bb2 Kf7 39. Qf2 d3 40. g3 Qe4 41. Qg2 Bd5 42. Qxe4 fxe4 43. Kf2 h5 44. Ke3 Ne7 45. g4 Bb3 46. Rg1 d2 47. Bxe4 d1Q 48. Rxd1 Rxd1 49. gxh5 Re1+ 50. Kf3 Bd1+ 0-1

[Event "Titled Tuesday intern op 02nd Mar"]
[White "Selbes, Tarik"]
[Black "Lovkov, Roman"]
[Site "Chess.com INT"]
[Round "1"]
[Result "0-1"]
[Date "2021.03.02"]
[WhiteElo "2235"]
[BlackElo "2419"]
[PlyCount "120"]
[EventDate "2021.03.02"]
[EventType "swiss (blitz)"]
[EventRounds "11"]
[EventCountry "USA"]
[SourceTitle "CBM 201 Extra"]
[Source "ChessBase"]
[SourceDate "2021.05.31"]
[SourceVersion "1"]
[SourceVersionDate "2021.05.31"]
[SourceQuality "1"]

1. d4 d5 2. Nf3 e6 3. e3 c5 4. Bd3 Nf6 5. b3 Nc6 6. Bb2 Be7 7. a3 0-0 8. Nbd2 b6 9. 0-0 Bb7 10. Ne5 Rc8 11. f4 a6 12. Qf3 b5 13. dxc5 Bxc5 14. Qh3 Nxe5 15. Bxe5 Ne4 16. Kh1 f6 17. Bb2 Qe7 18. b4 Bb6 19. Nb3 g6 20. Nd4 Rfe8 21. Rf3 Rc7 22. Raf1 Bc8 23. Qh6 Qg7 24. Qh4 Nd2 25. Rg3 Nxf1 26. Bxf1 Bxd4 27. Bxd4 e5 28. fxe5 fxe5 29. Bc5 Rf7 30. Bd3 Qf6 31. Qxf6 Rxf6 32. h3 Bf5 33. Bxf5 Rxf5 34. e4 dxe4 35. Re3 Rf4 36. Kh2 Kf7 37. h4 Ke6 38. Kh3 h5 39. g3 Rg4 40. Rc3 Rc8 41. Re3 Rd8 42. Re2 Rd5 43. Rf2 e3 44. Bxe3 Rc4 45. Bg5 Rd6 46. Rf6+ Kd5 47. Rf7 Rdc6 48. Rd7+ Ke4 49. Re7 Rxc2 50. Bf4 Kd3 51. Rxe5 R2c3 52. Rd5+ Kc2 53. Re5 Kb3 54. Rg5 Kxa3 55. Be5 Rd3 56. Bf6 Kxb4 57. Be7+ Kb3 58. Re5 Rcc3 59. Re2 Rxg3+ 60. Kh2 Rh3+ 0-1

[Event "Titled Tuesday intern op 23rd Feb"]
[White "Grochal, Joey"]
[Black "Lovkov, Roman"]
[Site "Chess.com INT"]
[Round "4"]
[Result "1-0"]
[Date "2021.02.23"]
[WhiteElo "2335"]
[BlackElo "2419"]
[PlyCount "59"]
[EventDate "2021.02.23"]
[EventType "swiss (blitz)"]
[EventRounds "11"]
[EventCountry "USA"]
[SourceTitle "CBM 200 Extra"]
[Source "ChessBase"]
[SourceDate "2021.03.31"]
[SourceVersion "1"]
[SourceVersionDate "2021.03.31"]
[SourceQuality "1"]

1. d4 d5 2. c4 e6 3. Nf3 c5 4. cxd5 exd5 5. Nc3 Nc6 6. g3 Nf6 7. Bg2 cxd4 8. Nxd4 Bc5 9. Nb3 Bb6 10. 0-0 d4 11. Ne4 Nxe4 12. Bxe4 h5 13. h4 Bg4 14. Bg5 f6 15. Bg6+ Kf8 16. Bf4 Qd5 17. f3 Bf5 18. e4 Qb5 19. Bxf5 Rd8 20. a4 d3+ 21. Kg2 Qb4 22. Bd2 Qe7 23. a5 Bc7 24. a6 g6 25. Bh3 b6 26. Rc1 Ne5 27. Qe1 Bb8 28. f4 Nf7 29. e5 f5 30. Bb4 1-0

[Event "Titled Tuesday intern op 23rd Feb"]
[White "Kim, Sergey2"]
[Black "Lovkov, Roman"]
[Site "Chess.com INT"]
[Round "5"]
[Result "1-0"]
[Date "2021.02.23"]
[WhiteElo "2295"]
[BlackElo "2419"]
[PlyCount "75"]
[EventDate "2021.02.23"]
[EventType "swiss (blitz)"]
[EventRounds "11"]
[EventCountry "USA"]
[SourceTitle "CBM 200 Extra"]
[Source "ChessBase"]
[SourceDate "2021.03.31"]
[SourceVersion "1"]
[SourceVersionDate "2021.03.31"]
[SourceQuality "1"]

1. d4 Nf6 2. c4 g6 3. Nc3 d5 4. cxd5 Nxd5 5. e4 Nxc3 6. bxc3 Bg7 7. Bc4 0-0 8. Ne2 c5 9. 0-0 Nc6 10. Be3 e6 11. Qd2 b6 12. Rfd1 Bb7 13. Bh6 Qe7 14. Bxg7 Kxg7 15. f4 Rfd8 16. Qe3 Rac8 17. Rac1 cxd4 18. cxd4 Na5 19. Bd3 Qa3 20. f5 exf5 21. exf5 Qd6 22. Rxc8 Rxc8 23. Rf1 Nc6 24. f6+ Kg8 25. Qh6 Qf8 26. Qf4 Rd8 27. Bb5 Qd6 28. Qh6 Qf8 29. Qf4 Nb4 30. Bc4 Bd5 31. Bxd5 Nxd5 32. Qg5 Qd6 33. Ng3 Qe6 34. Kh1 Kh8 35. h3 Rd6 36. Qh6 Nxf6 37. Qf8+ Ng8 38. Rxf7 1-0